000 00745nam a2200241Ia 4500
003 OSt
005 20220925203737.0
006 a|||||r|||| 00| 0
007 ta
008 220923b |||||||| |||| 00| 0 eng d
037 _cGeneral Book
040 _aRTL
_cRTL
_beng
041 _2eng
_aeng
082 _aX:8F.73.N80, M0.1
100 _aNeedles Belverd E
_9243989
245 0 _aC P A examination
_b A complete review, 1980-81 V
260 _aEnglewood
_bCliffs Prentice Hall
_c1980
300 _aviii, 1270p.
_ccm.
650 _aAccounts Management
_9232699
700 _a Williams Doyle Z
_9266942
942 _hX:8F.73.N80, M0.1
_cGB
_2CC
999 _c547640
_d547640